| 000 | 00773nam a22002537a 4500 | ||
|---|---|---|---|
| 003 | OSt | ||
| 005 | 20140310182320.0 | ||
| 008 | 130313t xxu||||| |||| 00| 0 eng d | ||
| 020 | _a9780066239415 | ||
| 050 |
_aPZ 7 _b.L979739Gr 2004 |
||
| 082 |
_aGS 809.899 _bL99 2004 |
||
| 100 |
_aLynch, Chris _921126 |
||
| 245 |
_aThe gravedigger's cottage / _cChris Lynch. |
||
| 260 |
_aGreat Britain : _bHarperCollins Publishers, _cc2004. |
||
| 300 |
_a199 p. : _c22 cm. |
||
| 541 | _j1 | ||
| 562 | _e1 | ||
| 650 |
_aBrothers and sisters _xFiction. _921127 |
||
| 650 |
_aFathers _xFiction. _921128 |
||
| 650 |
_aFamily problems _xFiction. _921129 |
||
| 650 |
_a Moving, Household _xFiction. _921130 |
||
| 650 |
_aSeashore _xFiction. _921131 |
||
| 942 |
_2lcc _cBK-GS |
||
| 999 |
_c11802 _d11802 |
||